000
00274nam a2200121Ia 4500
008
221030s9999 xx 000 0 und d
041
_a
English
100
_a
P. K. Gupta
245
0
_a
Fundamentals of Insurance
_c
by P. K. Gupta
260
_c
0
650
_a
Mb
942
_c
BK
999
_c
13904
_d
13904